<?xml version="1.0" encoding="UTF-8"?>
<record
    xmlns:xsi="http://www.w3.org/2001/XMLSchema-instance"
    xsi:schemaLocation="http://www.loc.gov/MARC21/slim http://www.loc.gov/standards/marcxml/schema/MARC21slim.xsd"
    xmlns="http://www.loc.gov/MARC21/slim">

  <leader>00869nam a22001937a 4500</leader>
  <datafield tag="999" ind1=" " ind2=" ">
    <subfield code="c">372053</subfield>
    <subfield code="d">372053</subfield>
  </datafield>
  <controlfield tag="008">201127b           ||||| |||| 00| 0 eng d</controlfield>
  <datafield tag="040" ind1=" " ind2=" ">
    <subfield code="a">DE-2950</subfield>
    <subfield code="b">ger</subfield>
    <subfield code="c">DE-2950</subfield>
    <subfield code="e">rda</subfield>
  </datafield>
  <datafield tag="041" ind1=" " ind2=" ">
    <subfield code="a">ger</subfield>
  </datafield>
  <datafield tag="245" ind1=" " ind2=" ">
    <subfield code="a">Neue Erkenntnisse nach Unfall mit Waffe.</subfield>
    <subfield code="b">Sicherheit. Nach dem Unfall mit einer Waffe bei der Polizei in der Nuhnenstra&#xDF;e in Frankfurt gibt es neue Erkenntnisse zu dem Vorfall. Durch einen Schuss wurde dort ein Mann verletzt. Was genau passiert ist und welche Regeln Polizeibeamte beachten m&#xFC;ssen /</subfield>
    <subfield code="c">Lisa Mahlke</subfield>
  </datafield>
  <datafield tag="264" ind1=" " ind2=" ">
    <subfield code="c">2022</subfield>
  </datafield>
  <datafield tag="653" ind1=" " ind2=" ">
    <subfield code="a">Frankfurt (Oder)</subfield>
  </datafield>
  <datafield tag="653" ind1=" " ind2=" ">
    <subfield code="a">Polizei</subfield>
  </datafield>
  <datafield tag="653" ind1=" " ind2=" ">
    <subfield code="a">Dienstunfall</subfield>
  </datafield>
  <datafield tag="773" ind1=" " ind2=" ">
    <subfield code="d">Frankfurt (Oder) M&#xE4;rkisches Verlags- und Druckhaus GmbH &amp; Co KG</subfield>
    <subfield code="t">M&#xE4;rkische Oderzeitung</subfield>
    <subfield code="g">33. Jahrgang (2022) Nr. 294 vom  17./18.12.2022,  S. 19</subfield>
  </datafield>
  <datafield tag="942" ind1=" " ind2=" ">
    <subfield code="c">A</subfield>
  </datafield>
  <datafield tag="952" ind1=" " ind2=" ">
    <subfield code="0">0</subfield>
    <subfield code="1">0</subfield>
    <subfield code="4">0</subfield>
    <subfield code="7">0</subfield>
    <subfield code="9">370524</subfield>
    <subfield code="a">StAFF</subfield>
    <subfield code="b">StAFF</subfield>
    <subfield code="c">GEN</subfield>
    <subfield code="d">2022-12-29</subfield>
    <subfield code="l">0</subfield>
    <subfield code="o">Z2</subfield>
    <subfield code="r">2022-12-29 00:00:00</subfield>
    <subfield code="w">2022-12-29</subfield>
    <subfield code="y">A</subfield>
  </datafield>
</record>
